000 00312nam a2200133Ia 4500
008 190216s9999||||xx |||||||||||||| ||und||
100 _aDe. A.K
245 3 _aAn Introduction In Chemical Thermodynamics
250 _a1st Ed.
260 _bWiley Eastern Ltd
300 _a386
650 _aChemistry
942 _cBK
999 _c2310
_d2310